• 首页
  • 本馆介绍
  • 公告通知
  • 最新文献
  • 馆藏检索
  • 电子资源
  • 读者导购
  • 参考咨询
  • 我的图书馆
  • 登录
  • 详细信息显示
  • 放入我的书架
  • 预约/预借图书
  • 作者相关作品
  • 分类相关作品
  • 丛书相关作品
  • 出版社相关作品

书目信息

  • 表格格式
  • 工作单格式
  • 卡片格式
题名:
科学课程发展的文化学研究
    
 
作者: 于海波 著
分册:  
出版信息: 长春   东北师范大学出版社  2015.3
页数: 230页
开本: 21cm
丛书名: 东北师范大学文库
单 册:
中图分类: G633.72
科图分类:
主题词: 科学教育学--Ke Xue Jiao Yu Xue--教学研究--中小学 , 教学研究--Jiao Xue Yan Jiu , 中小学--Zhong Xiao Xue
电子资源:
ISBN: 978-7-5681-0311-4
000 01057nam0 22003011 450
001 350627
005 20161012082014.29
010    @a978-7-5681-0311-4@dCNY45.00
100    @a20150522d2015 kemy0chiy50 ea
101 0  @achi@deng
102    @aCN@b220000
105    @ay v 000yy
106    @ar
200 1  @a科学课程发展的文化学研究@AKe Xue Ke Cheng Fa Zhan De Wen Hua Xue Yan Jiu@f于海波著
205    @a2版
210    @a长春@c东北师范大学出版社@d2015.3
215    @a230页@d21cm
225 2  @a东北师范大学文库@ADong Bei Shi Fan Da Xue Wen Ku
300    @a东北师范大学图书出版基金项目
330    @a本书共九章,内容包括:科学课程的历史考察;科学文化的课程价值;科学课程反思与展望:科学观维度;科学课程目标革新:科学素养理想等。
461  0 @12001 @a东北师范大学文库
606 0  @a科学教育学@AKe Xue Jiao Yu Xue@x教学研究@x中小学
606 0  @a教学研究@AJiao Xue Yan Jiu
606 0  @a中小学@AZhong Xiao Xue
690    @aG633.72@v5
701  0 @a于海波@AYu Hai Bo@4著
801  0 @aCN@bTANGWEI@c20160805
905    @b0890980-4@dG633.72@e420=2@f5
    
    科学课程发展的文化学研究/于海波著.-2版.-长春:东北师范大学出版社,2015.3
    230页;21cm.-(东北师范大学文库)
    东北师范大学图书出版基金项目
    
    ISBN 978-7-5681-0311-4:CNY45.00
    本书共九章,内容包括:科学课程的历史考察;科学文化的课程价值;科学课程反思与展望:科学观维度;科学课程目标革新:科学素养理想等。
●
相关链接 在E读中查询图书 在五车中查询图书 在当当中查询图书 在豆瓣中查询图书


正题名:科学课程发展的文化学研究     索取号:G633.72/420=2         预约/预借

序号 登录号 条形码 馆藏地/架位号 状态 备注
1 0890980   208909804   第一样本阅览室/ [索取号:G633.72/420=2] 在馆    
2 0890981   208909813   第四借阅区/ [索取号:G633.72/420=2] 在馆    
3 0890982   208909822   第四借阅区/ [索取号:G633.72/420=2] 在馆    
4 0890983   208909831   第四借阅区/ [索取号:G633.72/420=2] 在馆    
5 0890984   208909840   第四借阅区/ [索取号:G633.72/420=2] 在馆    
唐山师范学院图书馆 欢迎您!
大连网信软件有限公司© 版权所有